|
|
|
|
| LEADER |
00859nam a2200205 a 4500 |
| 001 |
GR-MES5191 |
| 008 |
991111s1996 nju b 001 0 eng|c |
| 020 |
|
|
|a 0131865781
|
| 040 |
|
|
|a GrPaTEI
|b gre
|c GR-PaULI
|
| 100 |
1 |
|
|a Henslin, James M.
|
| 245 |
1 |
0 |
|a Social problems /
|c James M. Henslin.
|
| 250 |
|
|
|a 4th ed.
|
| 260 |
|
|
|a Upper Saddle River, N.J. :
|b Prentice Hall,
|c 1996.
|
| 300 |
|
|
|a xviii, 649 σ. :
|b εικ. ;
|c 27 εκ.
|
| 504 |
|
|
|a Περιλαμβάνει βιβλιογραφίες και ευρετήριοα.
|
| 650 |
|
4 |
|a Κοινωνικά προβλήματα
|
| 942 |
|
|
|2 ddc
|
| 952 |
|
|
|0 0
|1 0
|2 ddc
|4 0
|6 362_042000000000000_ΗΕΝ
|7 0
|9 275762
|a MSLG
|b MSLG
|c BSC
|d 2021-01-17
|e 24
|f 0
|g 0.00
|l 0
|o 362.042 ΗΕΝ
|p 2420000002664
|r 2021-01-17 00:00:00
|t 1
|w 2021-01-17
|y BK15
|x 20080123 0 1
|x GrPaTEI
|
| 971 |
|
|
|a .b25836584
|b 15-04-20
|c 14-09-16
|
| 999 |
|
|
|c 159822
|d 159822
|